000 00671nam a2200265Ia 4500
005 20260121165520.0
008 008 260114s9999 xx 000 0 eng d
020 _a9783319443300
037 _aEBOOK
040 _aCRL
040 _beng
040 _cCRL
041 _2eng
041 _aeng
084 _qCRL
100 _aDenis Paperno, Edward L. Keenan
_91052672
245 0 _aHandbook of Quantifiers in Natural Language: Volume II
260 _bSpringer
260 _bSpringer
260 _c2017
856 _uhttps://link.springer.com/openurl?genre=book&isbn=978-3-319-44330-0
942 _cEBOOK
999 _c1618398
_d1618398